000 00441nam a22001817a 4500
005 20200521153947.0
008 200521b xxu||||| |||| 00| 0 eng d
020 _a9789388822664
041 _aeng
082 _a340.0954 MAL
100 _aMalik, Sumeet
_95724
245 _aLandmarks in Indian Legal and Constitutional History
250 _a12'th ed.
260 _aLucknow
_bEBC
300 _a699p.
650 _aLAW
_95701
942 _cBK
999 _c6411
_d6409